000 00238nam a2200097Ia 4500
001 709315
005 20250826162544.0
008 250824s9999 xx 000 0 und d
245 0 _aUZAY GÜZELİ
_cAYLA ÇINAROĞLU
260 _bTUDEM YAYINLARI
999 _c709315
_d709315